000 00536nam a2200181 i 4500
001 167786
003 ES-MaACL
005 20250716063330.0
008 050928m17711774sz | |||||||| ||fre d
040 _aCAM
_bspa
_cCAM
100 0 _aVoltaire,
_d1694-1778
_9115721
245 1 0 _aPoësies mêlées, &c.
260 _aGeneve :
_b[s.n.],
_c1771-1774.
300 _a3 v. ;
_c26 cm.
594 _aAutor tomado de BN-Opale plus.
852 _aES-MaACL
_jR-762-64
_z-- Enc. hol.
_x Olim: G-6602-4
999 _c167786
_d167786